00680cam a2200169 a 4500020002800000082001500028100001200043245007000055260005800125300000900183500019600192650001100388650001100399650001900410700002100429856006000450 a0841227683 (alk. paper)00a616.99 FOO aFood...00aFood phytochemicals for cancer prevention I:fruits and vegetables aWashington, D.C. :bAmerican Chemical Society,c1994. a427p a"Developed from a symposium sponsored by the Division of Agricultural and Food Chemistry at the 204th National Meeting of the American Chemical Society, Washington, D.C., August 23-28, 1992." 0aCancer 0aCancer 0aPhytochemicals1 aHuang, Mou-Tuan,40uhttp://www.columbia.edu/cgi-bin/cul/resolve?clio9344604